00833nam a2200181 a 450000100100000000500170001000800410002704000250006808200150009311001070010824501470021526000770036230000370043970000360047604900090051295201130052199900170063400001665220200929164937.0100308s1992 dr ac 000 0 spa d aDO-SdBNPbspacBNPHU axxxbR337i1 aRepública Dominicana.bSecretaría de Estado de Deportes Educación Física y Recreación93699710aReglamento internacional de atletismo :bpara las competencias internacionales masculinas y femeninas de atletismo /cprólogo Primo Nebiolo. aSanto Domingo :bFederación Dominicana de Atletismo Aficionado,c1992. a234 p. :bil. ; retrs. ;c18 cm.1 aNebiolo, Premioepról.936998 aBNPD 0010718PDaPDbPDcCTd2010-03-08iLF1l0oxxx R337ip16652-10r2020-06-25w2020-06-25yLFPDZNo se presta c16185d16185